Collective Soul songs - Statistics

General Stats
  • This quiz has been taken 27 times
    2 since last reset
  • The average score is 5 of 146
Answer Stats
Answer % Correct
Collective Soul (1995) December
100%
Hints Allegations and Things Left Unsaid (1994) Shine
100%
Collective Soul (1995) Gel
50%
Dosage (1999) Heavy
50%
Collective Soul (1995) The World I Know
50%
Collective Soul (1995) Where the River Flows
50%
Collective Soul/Rabbit (2009) You
50%
Blender (2000) 10 Years Later
0%
Vibrating (2022) A Conversation With
0%
Afterwords (2007) Adored
0%
Blender (2000) After All
0%
Hints Allegations and Things Left Unsaid (1994) All
0%
Vibrating (2022) All Our Pieces
0%
Afterwords (2007) All That I Know
0%
See What You Started by Continuing (2015) Am I Getting Through
0%
See What You Started by Continuing (2015) AYTA
0%
Vibrating (2022) Back Again
0%
Afterwords (2007) Bearing Witness
0%
Here to Eternity (2024) Be the One
0%
Youth (2004) Better Now
0%
Blood (2019) Big Sky
0%
Disciplined Breakdown (1997) Blame
0%
Collective Soul (1995) Bleed
0%
Here to Eternity (2024) Bluer Than So Blue
0%
Blender (2000) Boast
0%
Here to Eternity (2024) Bob Dylan (Where Are You Now)
0%
Hints Allegations and Things Left Unsaid (1994) Breathe
0%
Here to Eternity (2024) Bring on the Day
0%
Hints Allegations and Things Left Unsaid (1994) Burning Bridges
0%
Blood (2019) Changed
0%
Collective Soul (1995) Collection of Goods
0%
Dosage (1999) Compliment
0%
See What You Started by Continuing (2015) Confession
0%
See What You Started by Continuing (2015) Contagious
0%
Youth (2004) Counting the Days
0%
Disciplined Breakdown (1997) Crowded Head
0%
Dosage (1999) Crown
0%
Blood (2019) Crushed
0%
Vibrating (2022) Cut The Cord
0%
Dosage (1999) Dandy Life
0%
Collective Soul/Rabbit (2009) Dig
0%
Disciplined Breakdown (1997) Disciplined Breakdown
0%
Seven Year Itch (2001) Energy
0%
Disciplined Breakdown (1997) Everything
0%
See What You Started by Continuing (2015) Exposed
0%
Youth (2004) Feels Like (It Feels Alright)
0%
Disciplined Breakdown (1997) Forgiveness
0%
Disciplined Breakdown (1997) Full Circle
0%
Collective Soul/Rabbit (2009) Fuzzy
0%
Youth (2004) General Attitude
0%
Dosage (1999) Generate
0%
Afterwords (2007) Georgia Girl
0%
Disciplined Breakdown (1997) Giving
0%
Afterwords (2007) Good Morning After All
0%
Hints Allegations and Things Left Unsaid (1994) Goodnight Good Guy
0%
Blood (2019) Good Place to Start
0%
Blender (2000) Happiness
0%
Hints Allegations and Things Left Unsaid (1994) Heaven’s Already Here
0%
Here to Eternity (2024) Hey Man
0%
Youth (2004) Him
0%
Afterwords (2007) Hollywood
0%
Youth (2004) Home
0%
Youth (2004) How Do You Love?
0%
See What You Started by Continuing (2015) Hurricane
0%
Collective Soul/Rabbit (2009) Hymn for My Father
0%
Afterwords (2007) I Don’t Need Anymore Friends
0%
Here to Eternity (2024) I Know You, You Know Me
0%
Hints Allegations and Things Left Unsaid (1994) In a Moment
0%
Disciplined Breakdown (1997) In Between
0%
Vibrating (2022) Just Looking Around
0%
Here to Eternity (2024) Keep It on Track
0%
Here to Eternity (2024) Kick It
0%
Here to Eternity (2024) La Dee Da
0%
Here to Eternity (2024) Let It Flow
0%
Here to Eternity (2024) Letter From E
0%
See What You Started by Continuing (2015) Life
0%
Collective Soul/Rabbit (2009) Lighten Up
0%
Disciplined Breakdown (1997) Link
0%
Disciplined Breakdown (1997) Listen
0%
Collective Soul/Rabbit (2009) Love
0%
Hints Allegations and Things Left Unsaid (1994) Love Lifted Me
0%
Here to Eternity (2024) Matter of Fact
0%
Disciplined Breakdown (1997) Maybe
0%
See What You Started by Continuing (2015) Memoirs of 2005
0%
Here to Eternity (2024) Mother's Love
0%
Collective Soul/Rabbit (2009) My Days
0%
Dosage (1999) Needs
0%
Afterwords (2007) Never Here Alone
0%
Afterwords (2007) New Vibration
0%
Seven Year Itch (2001) Next Homecoming
0%
Here to Eternity (2024) No Man's Land
0%
Dosage (1999) No More, No Less
0%
Dosage (1999) Not the One
0%
Here to Eternity (2024) Not the Same
0%
Blood (2019) Now’s the Time
0%
Blood (2019) Observation of Thoughts
0%
Here to Eternity (2024) Over and Out
0%
Blood (2019) Over Me
0%
Blender (2000) Over Tokyo
0%
Blender (2000) Perfect Day
0%
Youth (2004) Perfect to Stay
0%
Afterwords (2007) Persuasion of You
0%
Blood (2019) Porch Swing
0%
Disciplined Breakdown (1997) Precious Declaration
0%
Hints Allegations and Things Left Unsaid (1994) Pretty Donna
0%
Hints Allegations and Things Left Unsaid (1994) Reach
0%
Vibrating (2022) Reason
0%
Collective Soul (1995) Reunion
0%
Blood (2019) Right as Rain
0%
Vibrating (2022) Rule No. 1
0%
Dosage (1999) Run
0%
Youth (2004) Satellite
0%
Hints Allegations and Things Left Unsaid (1994) Scream
0%
Collective Soul/Rabbit (2009) She Does
0%
Collective Soul (1995) She Gathers Rain
0%
Dosage (1999) She Said
0%
Collective Soul (1995) Simple
0%
Here to Eternity (2024) Sister and Mary
0%
Hints Allegations and Things Left Unsaid (1994) Sister Don’t Cry
0%
Blender (2000) Skin
0%
Dosage (1999) Slow
0%
Collective Soul (1995) Smashing Young Man
0%
Collective Soul/Rabbit (2009) Staring Down
0%
Vibrating (2022) Take
0%
Blood (2019) Them Blues
0%
Here to Eternity (2024) Therapy
0%
Youth (2004) There’s a Way
0%
See What You Started by Continuing (2015) This
0%
See What You Started by Continuing (2015) Tradition
0%
Dosage (1999) Tremble for My Beloved
0%
Blender (2000) Turn Around
0%
Youth (2004) Under Heaven’s Skies
0%
Collective Soul/Rabbit (2009) Understanding
0%
Vibrating (2022) Undone
0%
Collective Soul (1995) Untitled
0%
Blender (2000) Vent
0%
Hints Allegations and Things Left Unsaid (1994) Wasting Time
0%
Collective Soul/Rabbit (2009) Welcome All Again
0%
Afterwords (2007) What I Can Give You
0%
Collective Soul (1995) When the Water Falls
0%
Vibrating (2022) Where Do I Go
0%
Here to Eternity (2024) Who Loves
0%
Blender (2000) Why, Pt. 2
0%
See What You Started by Continuing (2015) Without Me
0%
Here to Eternity (2024) Words Away
0%
Blender (2000) You Speak My Language
0%
No matching quizzes found
Score Distribution
Percent of People with Each Score
Percentile by Number Answered
Your Score History
You have not taken this quiz since the last reset